00346nam a2200133Ia 4500003000400000008004100004040001600045082001700061100001900078245004800097260003200145300000800177650002700185GCL140319s9999 xx 000 0 eng d aGCL / cGCL04aCHb032bL H1 aLEOKUM, ARKADY10aHERE'S MORE: TELL ME WHY / cLEOKUM, ARKADY a[S.N] : bHAM LYN ، c1986 a33104aKNOWLEDGE AND LEARNING